000 01197nam a22002417a 4500
999 _c61633
_d61633
005 20251125233055.0
008 s2553 th tha d
020 _a9786165360210
040 _aNALT
041 _atha
050 _aJQ1749.A8ก498 ส882พ 2553
100 0 _aสุวินัย ภรณวลัย
245 1 0 _aพรรคพันธมิตร : นักรบแห่งธรรมกับการสร้างพรรคการเมืองใหม่ของพันธมิตรประชาชนเพื่อประชาธิปไตย
260 3 _aกรุงเทพฯ :
_bบ้านพระอาทิตย์,
_c2553
300 _a334 หน้า :
_b ภาพประกอบ ;
_c 22 ซม.
650 0 4 _aพรรคการเมืองใหม่
650 0 4 _aพันธมิตรประชาชนเพื่อประชาธิปไตย
650 0 4 _aพรรคการเมือง -- ไทย
850 _aNALT
856 4 0 _uhttps://hdl.handle.net/20.500.14156/338128
_71
942 _cGB
_2lcc